000 00601nam a2200193 4500
001 132889
003 ES-MaACL
005 20230906194254.0
007 t|
008 070214s1955 sp r ||||1| spa d
100 1 _aRoschini, Gabriele Maria.
_999659
245 1 3 _aLa madre de Dios según la fe y la teología /
_cGabriel Mª Roschini.
250 _a1ª ed. española
_bpreparada por Eduardo Espert.
260 _aMadrid :
_bApostolado de la Prensa,
_c1955.
300 _a2 v. ;
_c22 cm.
650 0 0 _aMariología.
_914794
700 1 _aEspert, Eduardo.
_947812
852 _aES-MaACL
_jC-12018-19
999 _c132889
_d132889